000 00440nam a2200181Ia 4500
001 792
005 20260306140544.0
008 260306t2006||||xx |||||||||||||| ||spa||
041 _aESP
082 _a170
_bA94
100 _aAyllón, José Ramon
_eAUT
245 0 _aIntroducción a la ética:
_bhistoria y fundamentos
260 _c2006
300 _a270 páginas :
_c21 cm.
650 _aGEN
654 _aCHU
942 _cLIB
_dJUS
_fJUS
_2ddc
_n
999 _c792
_d792